Sudbury Airport Destinations (Greater Sudbury, Canada) - Statistics

General Stats
  • This quiz has been taken 40 times
    11 since last reset
  • The average score is 6 of 9
Answer Stats
Airline Destination % Correct
Porter Airlines Toronto (Billy Bishop)
100%
Air Canada Express Toronto (Pearson)
100%
WestJet Calgary
89%
Propair Montréal (Trudeau)
78%
Propair Ottawa
78%
Propair Québec City
78%
Bearskin Airlines Thunder Bay
44%
Bearskin Airlines North Bay
11%
Bearskin Airlines Sault Ste. Marie
11%
No matching quizzes found
Score Distribution
Percent of People with Each Score
Percentile by Number Answered
Your Score History
You have not taken this quiz since the last reset